Conciones in dominicis totius anni et feriis quadragesimalibus nec non in festis D. N. Jesu christi beattisimae virginis...

Detalles Bibliográficos
Autor principal: VILLANUEVA, Tomás de
Formato: Libro
Publicado: Madrid 1760
Materias:
Colección:Banco de datos
Acervo:Biblioteca del Museo Regional de Querétaro. INAH. Querétaro
Descripción Física:t. II
Tema general:Homilética
Notas:Regular. 3I8, 5. Ex libris de Luis Borja
LEADER 00768nam a22002050004500
035 |a 26792 
036 |a 501 
100 1 |a VILLANUEVA, Tomás de 
245 1 0 |a Conciones in dominicis totius anni et feriis quadragesimalibus nec non in festis D. N. Jesu christi beattisimae virginis... 
260 |a Madrid  |b Josefo Marellum  |c 1760 
300 |a t. II 
500 |a Regular. 3I8, 5. Ex libris de Luis Borja 
650 1 0 |a Homilética 
949 |a C.R.Q. 
959 |a Ex convento Grande de San Francisco de la ciudad de Querétaro, Museo Regional de Querétaro  |b CCC2 
960 |a Colección General, Querétaro  |b DD80 
961 |a Varias Ordenes Religiosas  |b VO 
942 |c C.R.Q. 
943 |g Biblioteca del Museo Regional de Querétaro. INAH. Querétaro 
999 |c 983108  |d 983108